[Event "1st FIDE OWCCCC Pools-East 2021"]
[Site "Online"]
[Date "2021.02.20"]
[Round "4.26"]
[White "Iyer, Siddharth"]
[Black "Bohnhoff, Peter"]
[Result "1-0"]
[WhiteElo "1565"]
[BlackElo "2078"]
[Annotator "NA"]
[PlyCount "145"]
[EventDate "2021.02.19"]
[EventType "team-tourn"]
[EventCountry "NET"]
[SourceTitle "playchess.com"]
[Source "ChessBase"]
[SourceQuality "1"]

1. e4 e5 2. Nf3 Nc6 3. Bc4 Nf6 4. d3 Be7 5. c3 d6 6. Bb3 O-O 7. O-O Na5 8. Bc2 c5 9. Re1 Re8 10. Nbd2 Nc6 11. Nf1 h6 12. Ng3 Bf8 13. a3 d5 14. exd5 Nxd5 15. Bb3 Nf6 16. h3 Be6 17. Ba4 Qc7 18. Be3 Nd5 19. Qe2 f6 20. Nh4 Qd7 21. Qh5 Bf7 22. Qf3 a6 23. Rad1 b5 24. Bb3 Rad8 25. Ne4 Na5 26. Ba2 Qc6 27. Bd2 c4 28. Bb1 Nb3 29. Be3 Nxe3 30. Qxe3 cxd3 31. Bxd3 Nc5 32. Nxc5 Bxc5 33. Qg3 Bb3 34. Be4 Bd5 35. Nf5 Bf8 36. Bxd5+ Rxd5 37. Nxh6+ Kh8 38. Nf5 Red8 39. Rxd5 Qxd5 40. Qh4+ Kg8 41. Qg4 Qd2 42. Re2 Qd1+ 43. Kh2 e4 44. Qxe4 Bd6+ 45. Nxd6 Qxd6+ 46. g3 Qd1 47. Kg2 Qd6 48. Qe6+ Qxe6 49. Rxe6 Kf7 50. Rxa6 Rd2 51. Rb6 Rxb2 52. a4 Rb3 53. Rxb5 Rxc3 54. a5 Ra3 55. h4 Kg6 56. Kh3 Ra4 57. g4 Ra3+ 58. Kg2 Ra4 59. f3 Ra3 60. Kg3 Ra4 61. h5+ Kh6 62. Rf5 Ra3 63. Kf4 Ra4+ 64. Ke3 Ra3+ 65. Kd4 Ra4+ 66. Kc3 Ra3+ 67. Kb4 Ra2 68. Kb5 Rb2+ 69. Ka6 g6 70. hxg6 Kxg6 71. Ka7 Ra2 72. a6 Ra3 73. Kb7 1-0

[Event "1st FIDE OWCCCC Pools-East 2021"]
[Site "Online"]
[Date "2021.02.20"]
[Round "4.27"]
[White "Heer, Stephan"]
[Black "Devani, Roopam"]
[Result "0-1"]
[WhiteElo "2063"]
[BlackElo "1718"]
[Annotator "NA"]
[PlyCount "86"]
[EventDate "2021.02.19"]
[EventType "team-tourn"]
[EventCountry "NET"]
[SourceTitle "playchess.com"]
[Source "ChessBase"]
[SourceQuality "1"]

1. Nf3 d5 2. g3 Nf6 3. Bg2 c5 4. d3 e6 5. O-O Be7 6. Nbd2 O-O 7. e4 dxe4 8. dxe4 Nc6 9. Re1 e5 10. c3 Bg4 11. h3 Bh5 12. Qe2 Qc7 13. a4 Rad8 14. Nc4 h6 15. g4 Bg6 16. Nh2 Nh7 17. Ne3 Nf6 18. Nf5 Kh7 19. h4 Bxf5 20. gxf5 Rg8 21. Kh1 Ne8 22. Qh5 Bf6 23. Ng4 Rh8 24. Be3 Qe7 25. Bg5 Bxg5 26. hxg5 Qxg5 27. Qxf7 Qxg4 28. Qxb7 Rc8 29. Re3 Nf6 30. Rg3 Qh4+ 31. Kg1 Ng4 32. Rd1 Rhg8 33. Rd7 Na5 34. Qd5 Nf6 35. Qe6 Nxd7 36. Qxd7 Rcd8 37. Qxa7 Rd1+ 38. Bf1 Qxe4 39. Qxc5 Rd5 40. Qc7 Qxf5 41. Bg2 Rd1+ 42. Bf1 Qd3 43. Kh2 Qxf1 0-1

[Event "1st FIDE OWCCCC Pools-East 2021"]
[Site "Online"]
[Date "2021.02.20"]
[Round "4.28"]
[White "BATULKAPADIA"]
[Black "Bond, Oliver"]
[Result "0-1"]
[WhiteElo "1223"]
[BlackElo "1479"]
[Annotator "NA"]
[PlyCount "64"]
[EventDate "2021.02.19"]
[EventType "team-tourn"]
[EventCountry "NET"]
[SourceTitle "playchess.com"]
[Source "ChessBase"]
[SourceQuality "1"]

1. d3 d5 2. Nc3 e5 3. Nf3 Nc6 4. e4 d4 5. Ne2 Nf6 6. b3 Be7 7. Ng3 O-O 8. Be2 Bb4+ 9. Nd2 Bc3 10. Rb1 Nb4 11. a3 Nc6 12. O-O a5 13. Bb2 b5 14. Bxc3 dxc3 15. Nf3 b4 16. axb4 axb4 17. Ra1 Bb7 18. Nf5 Rxa1 19. Qxa1 Qa8 20. Qc1 g6 21. Nh6+ Kg7 22. Nh4 Nd4 23. Bh5 Nxh5 24. f4 Ne2+ 25. Kf2 Nxc1 26. Rxc1 Kxh6 27. g4 Nxf4 28. Rh1 Bxe4 29. Nf3 Bxf3 30. Rf1 Bg2 31. Ke1 Qa1+ 32. Kf2 Qxf1+ 0-1

[Event "1st FIDE OWCCCC Pools-East 2021"]
[Site "Online"]
[Date "2021.02.20"]
[Round "4.29"]
[White "van Ravensteijn, Antal"]
[Black "Bernasek, Jan"]
[Result "0-1"]
[WhiteElo "2097"]
[BlackElo "2498"]
[Annotator "TA"]
[PlyCount "54"]
[EventDate "2021.02.19"]
[EventType "team-tourn"]
[EventCountry "NET"]
[SourceTitle "playchess.com"]
[Source "ChessBase"]
[SourceQuality "1"]

1. Nf3 c5 2. b3 Nf6 3. c4 g6 4. Bb2 Bg7 5. Nc3 O-O 6. g3 e6 7. d4 cxd4 8. Nxd4 Nc6 9. Nxc6 bxc6 10. Bg2 d5 11. O-O Ba6 12. cxd5 cxd5 13. Qd2 Rc8 14. Rac1 Qa5 15. Rfd1 Rfd8 16. a3 d4 17. Ne4 Qxd2 18. Nxf6+ Bxf6 19. Rxd2 Rxc1+ 20. Bxc1 Rc8 21. Bb2 d3 22. Bf1 Bxb2 23. Rxb2 Rc2 24. Rb1 dxe2 25. Bh3 Rd2 26. Bg4 h5 27. Bf3 Bb7 0-1

[Event "1st FIDE OWCCCC Pools-East 2021"]
[Site "Online"]
[Date "2021.02.20"]
[Round "4.29"]
[White "Abdrakhimov, Tlek"]
[Black "Nemec, Petr"]
[Result "0-1"]
[WhiteElo "1142"]
[BlackElo "2101"]
[Annotator "NA"]
[PlyCount "80"]
[EventDate "2021.02.19"]
[EventType "team-tourn"]
[EventCountry "NET"]
[SourceTitle "playchess.com"]
[Source "ChessBase"]
[SourceQuality "1"]

1. e4 Nf6 2. Nc3 e5 3. Nf3 d6 4. Bc4 Be7 5. d3 Nc6 6. O-O Bg4 7. Be3 Qd7 8. a3 h6 9. b4 a6 10. b5 axb5 11. Bxb5 O-O 12. Nd5 Ra5 13. a4 Rfa8 14. Nxf6+ Bxf6 15. Nxe5 Bxe5 16. f3 Bxa1 17. Qxa1 Be6 18. d4 Rxb5 19. d5 Bxd5 20. exd5 Rxd5 21. Qa2 Rf5 22. Qb3 b6 23. Rd1 Ne5 24. Rd4 Ra5 25. h3 Rxf3 26. c4 Qxa4 27. Qxa4 Rxa4 28. Bf4 Rxf4 29. Rxf4 Rxc4 30. Rf2 b5 31. Rb2 b4 32. Kf2 Nd3+ 33. Kg3 Nxb2 34. Kh2 Rc3 35. Kg1 Nc4 36. Kh2 b3 37. Kg1 b2 38. Kh2 b1=Q 39. h4 Qe4 40. h5 Qh4+ 0-1

[Event "1st FIDE OWCCCC Pools-East 2021"]
[Site "Online"]
[Date "2021.02.20"]
[Round "4.30"]
[White "Emicka"]
[Black "Yerbolat, Yerzhan"]
[Result "1-0"]
[WhiteElo "1397"]
[BlackElo "1430"]
[Annotator "NA"]
[PlyCount "123"]
[EventDate "2021.02.19"]
[EventType "team-tourn"]
[EventCountry "NET"]
[SourceTitle "playchess.com"]
[Source "ChessBase"]
[SourceQuality "1"]

1. e4 c5 2. Nc3 Nc6 3. g3 g6 4. Bg2 Bg7 5. d3 d6 6. Be3 Nf6 7. h3 a6 8. Qd2 O-O 9. Bh6 Qb6 10. O-O-O Be6 11. Bxg7 Kxg7 12. Nf3 Nb4 13. a3 Nc6 14. Ng5 h6 15. Nxe6+ fxe6 16. f4 Qc7 17. g4 b5 18. f5 exf5 19. gxf5 g5 20. Rdg1 b4 21. Nb1 bxa3 22. Nxa3 Rab8 23. Bf3 Qb7 24. c3 Na5 25. Bd1 Nh7 26. h4 Nb3+ 27. Bxb3 Qxb3 28. hxg5 h5 29. Rxh5 Rh8 30. Rgh1 Qg8 31. g6 Qa2 32. Rxh7+ Rxh7 33. Rxh7+ Kf6 34. Rf7+ Qxf7 35. gxf7 Kxf7 36. Nc4 Rg8 37. Qh2 Ke8 38. Qh7 Rf8 39. Qg6+ Kd8 40. Nxd6 exd6 41. Qxd6+ Ke8 42. Qxc5 Kf7 43. Qb6 Rh8 44. Qe6+ Kg7 45. Qe5+ Kh7 46. Qxh8+ Kxh8 47. Kc2 Kg7 48. Kb3 Kf6 49. Ka4 Ke5 50. Ka5 Kf4 51. f6 Ke3 52. f7 Kxd3 53. e5 Kc4 54. f8=Q Kb3 55. e6 Ka2 56. Qa3+ Kb1 57. e7 Kc2 58. e8=Q Kd2 59. Qd6+ Kc2 60. Qe2+ Kb1 61. b3 Ka1 62. Qdd1# 1-0

[Event "1st FIDE OWCCCC Pools-East 2021"]
[Site "Online"]
[Date "2021.02.20"]
[Round "4.31"]
[White "Sartayev, Timur"]
[Black "Cerulik, Lukas"]
[Result "1-0"]
[WhiteElo "1662"]
[BlackElo "1269"]
[Annotator "NA"]
[PlyCount "91"]
[EventDate "2021.02.19"]
[EventType "team-tourn"]
[EventCountry "NET"]
[SourceTitle "playchess.com"]
[Source "ChessBase"]
[SourceQuality "1"]

1. e4 e6 2. Nf3 d5 3. e5 c5 4. c3 Nc6 5. d4 Qb6 6. a3 a5 7. Bd3 Bd7 8. dxc5 Bxc5 9. O-O Nge7 10. Nbd2 Nf5 11. Bxf5 exf5 12. Nb3 Be7 13. Nbd4 Nxd4 14. Nxd4 O-O 15. Qf3 Qg6 16. Qxd5 Rfd8 17. Qxb7 Bc5 18. Qf3 Bxd4 19. cxd4 Bc6 20. Qg3 Qxg3 21. hxg3 Rxd4 22. Be3 Re4 23. Rfc1 Bd7 24. Rc5 Re8 25. Rxa5 R4xe5 26. Rxe5 Rxe5 27. Rd1 Be8 28. b4 h6 29. Rd8 Kh7 30. Ra8 Bd7 31. Ra7 Be6 32. a4 Bb3 33. b5 Re4 34. a5 Ra4 35. b6 Bd5 36. b7 Rb4 37. Bb6 Bxb7 38. Rxb7 Rb1+ 39. Kh2 Ra1 40. Rxf7 Kg6 41. Rxg7+ Kxg7 42. Bd4+ Kf7 43. Bxa1 Ke6 44. a6 Kd7 45. a7 Kc6 46. a8=Q+ 1-0

[Event "1st FIDE OWCCCC Pools-East 2021"]
[Site "Online"]
[Date "2021.02.20"]
[Round "4.32"]
[White "Vojtechova, Jana"]
[Black "Dauletova, Gulmira"]
[Result "0-1"]
[WhiteElo "1196"]
[BlackElo "2285"]
[Annotator "TA"]
[PlyCount "36"]
[EventDate "2021.02.19"]
[EventType "team-tourn"]
[EventCountry "NET"]
[SourceTitle "playchess.com"]
[Source "ChessBase"]
[SourceQuality "1"]

1. e3 d5 2. Qf3 Nf6 3. Bd3 e5 4. e4 dxe4 5. Bxe4 Nxe4 6. Qxe4 Nc6 7. Nf3 Bd6 8. O-O O-O 9. h3 Qf6 10. h4 Bf5 11. Qc4 e4 12. Ng5 Qe5 13. f3 Qh2+ 14. Kf2 Bg3+ 15. Ke2 Ne5 16. Qxc7 Qxg2+ 17. Ke3 Qxf1 18. fxe4 Qf2# 0-1

[Event "1st FIDE OWCCCC Pools-East 2021"]
[Site "Online"]
[Date "2021.02.20"]
[Round "4.33"]
[White "Jerome, Rombaut"]
[Black "Sanchit Gupta"]
[Result "1-0"]
[WhiteElo "1850"]
[BlackElo "1469"]
[Annotator "NA"]
[PlyCount "131"]
[EventDate "2021.02.19"]
[EventType "team-tourn"]
[EventCountry "NET"]
[SourceTitle "playchess.com"]
[Source "ChessBase"]
[SourceQuality "1"]

1. c4 b6 2. Nc3 Bb7 3. d3 e6 4. Nf3 Nf6 5. Bg5 Be7 6. g3 h6 7. Bxf6 Bxf6 8. Bg2 d5 9. cxd5 exd5 10. Qa4+ Nd7 11. Nd2 O-O 12. Nxd5 Bxb2 13. Rb1 Be5 14. Ne7+ Qxe7 15. Bxb7 Nc5 16. Qc6 Rad8 17. Ne4 Nxe4 18. Qxe4 Bc3+ 19. Kf1 Qxe4 20. Bxe4 c5 21. Rb3 Bd4 22. Ra3 Rd7 23. Kg2 Rfd8 24. Bf3 g5 25. Ra4 Rc7 26. Be4 Kg7 27. Rc1 Rb8 28. e3 Bb2 29. Rc2 Bf6 30. d4 b5 31. Ra6 c4 32. Bd5 Be7 33. a4 c3 34. axb5 Rxb5 35. Rc6 Rxc6 36. Bxc6 Rb3 37. Kf3 Ba3 38. Bd5 Rb6 39. Rxc3 Be7 40. Rc7 Kf6 41. Rxa7 Rd6 42. Bc4 Rc6 43. Bd5 Rc8 44. Ra6+ Kg7 45. Be4 Rd8 46. d5 f6 47. Kg4 Rd6 48. Rxd6 Bxd6 49. Kf5 Be5 50. Ke6 Kf8 51. Bg6 Bc3 52. d6 Ba5 53. d7 Bd8 54. f4 Kg7 55. Bh5 Kf8 56. fxg5 hxg5 57. h4 gxh4 58. gxh4 Kg7 59. e4 Kh6 60. Bg4 Kg7 61. h5 Kh6 62. Kf7 Bc7 63. Ke8 Kg5 64. Bf5 Bb6 65. d8=Q Kh6 66. Qxb6 1-0

[Event "1st FIDE OWCCCC Pools-East 2021"]
[Site "Online"]
[Date "2021.02.20"]
[Round "4.35"]
[White "Stankova, Radka"]
[Black "Stock, Ulrich"]
[Result "0-1"]
[WhiteElo "1842"]
[BlackElo "2032"]
[Annotator "ChessBase"]
[PlyCount "60"]
[EventDate "2021.02.19"]
[EventType "team-tourn"]
[EventCountry "NET"]
[SourceTitle "playchess.com"]
[Source "ChessBase"]
[SourceQuality "1"]

1. e4 e5 2. Nf3 Nc6 3. Bb5 Nd4 4. Nxd4 exd4 5. d3 h5 6. O-O c6 7. Bc4 Bc5 8. f4 d5 9. exd5 cxd5 10. Bb5+ Kf8 11. Re1 Ne7 12. Qe2 Qa5 13. a4 a6 14. Bd2 Qb6 15. b4 Bd6 16. Na3 axb5 17. Nxb5 Bd7 18. Nxd6 Qxd6 19. b5 Re8 20. Qf2 Nf5 21. Rxe8+ Kxe8 22. Re1+ Kd8 23. Re5 f6 24. Re1 Re8 25. h3 Rxe1+ 26. Qxe1 h4 27. Kf2 Qc5 28. Qb1 Ne3 29. c3 Nf5 30. Qb3 dxc3+ 0-1

[Event "1st FIDE OWCCCC Pools-East 2021"]
[Site "Online"]
[Date "2021.02.20"]
[Round "4.35"]
[White "Plays, Boris"]
[Black "Lakshmi, Praneetha K"]
[Result "0-1"]
[WhiteElo "1328"]
[BlackElo "2039"]
[Annotator "NA"]
[PlyCount "66"]
[EventDate "2021.02.19"]
[EventType "team-tourn"]
[EventCountry "NET"]
[SourceTitle "playchess.com"]
[Source "ChessBase"]
[SourceQuality "1"]

1. e4 c5 2. Nc3 Nc6 3. Bc4 Nf6 4. Qf3 Ne5 5. Qe2 d6 6. f3 a6 7. d3 g6 8. Bf4 Nxc4 9. dxc4 Bg7 10. O-O-O Qa5 11. Bd2 O-O 12. a3 Bd7 13. Nd5 Qd8 14. Qe1 Nxd5 15. exd5 b5 16. Bc3 Bh6+ 17. Kb1 bxc4 18. g3 Rb8 19. g4 Qb6 20. Qxe7 Bg7 21. Qe3 Rfe8 22. Qd2 Rb7 23. Bxg7 Kxg7 24. Qc3+ Kg8 25. Nh3 Reb8 26. b3 cxb3 27. cxb3 Qxb3+ 28. Qxb3 Rxb3+ 29. Kc2 Rxa3 30. Rb1 Ba4+ 31. Kd2 Re8 32. Rhe1 Ra2+ 33. Kc1 Rxe1# 0-1

[Event "1st FIDE OWCCCC Pools-East 2021"]
[Site "Online"]
[Date "2021.02.20"]
[Round "4.36"]
[White "Rangarajan, Anand"]
[Black "Lefebvre, Ambre"]
[Result "1-0"]
[WhiteElo "1722"]
[BlackElo "698"]
[Annotator "NA"]
[PlyCount "35"]
[EventDate "2021.02.19"]
[EventType "team-tourn"]
[EventCountry "NET"]
[SourceTitle "playchess.com"]
[Source "ChessBase"]
[SourceQuality "1"]

1. d4 e5 2. d5 Bc5 3. c4 Nf6 4. Nc3 O-O 5. h3 Nc6 6. dxc6 bxc6 7. e4 Ba6 8. Nf3 d6 9. Bd3 Rb8 10. O-O Nh5 11. Kh2 Bb4 12. Qe2 Qf6 13. g4 g6 14. gxh5 gxh5 15. Bg5 Qxg5 16. Nxg5 d5 17. Qxh5 Kh8 18. Qxh7# 1-0

[Event "1st FIDE OWCCCC Pools-East 2021"]
[Site "Online"]
[Date "2021.02.20"]
[Round "4.36"]
[White "Hande, Namita"]
[Black "Binu, Balak"]
[Result "0-1"]
[WhiteElo "756"]
[BlackElo "2065"]
[Annotator "NA"]
[PlyCount "56"]
[EventDate "2021.02.19"]
[EventType "team-tourn"]
[EventCountry "NET"]
[SourceTitle "playchess.com"]
[Source "ChessBase"]
[SourceQuality "1"]

1. e4 d5 2. Qf3 dxe4 3. Qxe4 Nf6 4. Qe2 Bf5 5. Nc3 a6 6. d3 Nc6 7. Nf3 e6 8. h4 h6 9. a3 Bg4 10. Qd1 Bc5 11. Ke2 Ne5 12. Ke1 Nxf3+ 13. gxf3 Bh5 14. Be3 Qd6 15. Ne4 Nxe4 16. fxe4 Bxd1 17. Kxd1 Bxe3 18. fxe3 Qg3 19. Bh3 Qf3+ 20. Ke1 Qxh1+ 21. Bf1 Qxh4+ 22. Kd1 Qf2 23. Kc1 Qxf1+ 24. Kd2 Qxa1 25. c4 O-O-O 26. Kc2 Rd6 27. Kb3 Rxd3+ 28. Kc2 Qd1# 0-1

[Event "1st FIDE OWCCCC Pools-East 2021"]
[Site "Online"]
[Date "2021.02.20"]
[Round "4.37"]
[White "Archbishop"]
[Black "Kazarian, Anna-Maja"]
[Result "1-0"]
[WhiteElo "2185"]
[BlackElo "2096"]
[Annotator "TA"]
[PlyCount "67"]
[EventDate "2021.02.19"]
[EventType "team-tourn"]
[EventCountry "NET"]
[SourceTitle "playchess.com"]
[Source "ChessBase"]
[SourceQuality "1"]

1. Nf3 Nf6 2. c4 e6 3. e3 b6 4. b3 Bb7 5. Bb2 Be7 6. Be2 O-O 7. Qc2 h6 8. Rg1 Ne4 9. d3 Ng5 10. Nbd2 a5 11. h4 Nxf3+ 12. gxf3 Bf6 13. a3 d5 14. O-O-O d4 15. Ne4 c5 16. Rg4 Bxe4 17. dxe4 Nc6 18. f4 e5 19. Rg2 a4 20. bxa4 Qe7 21. fxe5 Bxe5 22. f4 Bf6 23. Rdg1 g6 24. h5 Bg7 25. e5 Rad8 26. Bd3 Na5 27. Bxg6 fxg6 28. Qxg6 Nb3+ 29. Kc2 d3+ 30. Kxb3 Rd7 31. e6 Rd4 32. Qxg7+ Qxg7 33. Rxg7+ Kh8 34. exd4 1-0

[Event "1st FIDE OWCCCC Pools-East 2021"]
[Site "Online"]
[Date "2021.02.20"]
[Round "4.37"]
[White "Sharma, Keshav"]
[Black "Patel, Roshan"]
[Result "1-0"]
[WhiteElo "2034"]
[BlackElo "1564"]
[Annotator "NA"]
[PlyCount "45"]
[EventDate "2021.02.19"]
[EventType "team-tourn"]
[EventCountry "NET"]
[SourceTitle "playchess.com"]
[Source "ChessBase"]
[SourceQuality "1"]

1. e4 c5 2. Nf3 d6 3. d4 cxd4 4. Nxd4 Nf6 5. Nc3 a6 6. Bc4 e6 7. Bb3 Be7 8. Be3 O-O 9. f3 Qc7 10. Qd2 Nc6 11. g4 Nxd4 12. Bxd4 b5 13. O-O-O Rb8 14. Kb1 Bb7 15. h4 Rfd8 16. h5 e5 17. Be3 Bc6 18. g5 Nd7 19. g6 Nc5 20. Bxf7+ Kh8 21. h6 b4 22. hxg7+ Kxg7 23. Bh6+ 1-0

[Event "1st FIDE OWCCCC Pools-East 2021"]
[Site "Online"]
[Date "2021.02.20"]
[Round "4.37"]
[White "Wadhwa, Pankaj"]
[Black "Markin, Dmytro"]
[Result "0-1"]
[WhiteElo "1266"]
[BlackElo "2401"]
[Annotator "NA RC"]
[PlyCount "70"]
[EventDate "2021.02.19"]
[EventType "team-tourn"]
[EventCountry "NET"]
[SourceTitle "playchess.com"]
[Source "ChessBase"]
[SourceQuality "1"]

1. e3 e6 2. a3 d5 3. d4 c5 4. b3 Nc6 5. Bb2 Nf6 6. Nf3 cxd4 7. Nxd4 Be7 8. Bb5 Bd7 9. O-O a6 10. Bd3 O-O 11. c4 dxc4 12. bxc4 Qb6 13. Qd2 Rac8 14. Nc3 Ne5 15. Bb1 Nxc4 16. Qc2 Qxb2 17. Qxb2 Nxb2 18. Nce2 Na4 19. g3 Nc3 20. Nxc3 Rxc3 21. h4 Rxa3 22. Rxa3 Bxa3 23. Kg2 e5 24. Nf3 Bc6 25. Bf5 g6 26. Bh3 h5 27. Rd1 Be7 28. Re1 Rd8 29. Re2 a5 30. Ra2 a4 31. Re2 a3 32. Ra2 Rd1 33. Re2 Rb1 34. Re1 Rxe1 35. Kh2 Bxf3 0-1

[Event "1st FIDE OWCCCC Pools-East 2021"]
[Site "Online"]
[Date "2021.02.20"]
[Round "4.38"]
[White "Ganesan, Sankar"]
[Black "Shyamu, Sharma"]
[Result "0-1"]
[WhiteElo "2265"]
[BlackElo "2100"]
[Annotator "TA"]
[PlyCount "68"]
[EventDate "2021.02.19"]
[EventType "team-tourn"]
[EventCountry "NET"]
[SourceTitle "playchess.com"]
[Source "ChessBase"]
[SourceQuality "1"]

1. e4 d5 2. exd5 Nf6 3. Nc3 Nxd5 4. Nxd5 Qxd5 5. d3 Bf5 6. Nf3 e6 7. a3 Be7 8. Bf4 c6 9. h3 Nd7 10. c4 Qa5+ 11. b4 Qd8 12. Be2 O-O 13. O-O Nf6 14. Qd2 Re8 15. Qc3 c5 16. Rad1 b6 17. b5 a6 18. a4 axb5 19. axb5 Ra4 20. Ne5 Bd6 21. d4 Ne4 22. Qb3 Rb4 23. Qf3 Bxe5 24. dxe5 Qa8 25. Bd3 Rb3 26. Rfe1 Qa3 27. Re3 Nc3 28. Bxf5 Nxd1 29. Rxb3 Qa1 30. Bxh7+ Kxh7 31. Kh2 Rd8 32. Qh5+ Kg8 33. Rg3 Nxf2 34. Bh6 Qh1# 0-1

[Event "1st FIDE OWCCCC Pools-East 2021"]
[Site "Online"]
[Date "2021.02.20"]
[Round "4.38"]
[White "Van Wijk, Peter"]
[Black "Nastasia"]
[Result "0-1"]
[WhiteElo "1930"]
[BlackElo "1703"]
[Annotator "ChessBase"]
[PlyCount "100"]
[EventDate "2021.02.19"]
[EventType "team-tourn"]
[EventCountry "NET"]
[SourceTitle "playchess.com"]
[Source "ChessBase"]
[SourceQuality "1"]

1. e4 c5 2. Nf3 e6 3. d4 cxd4 4. Nxd4 a6 5. c4 Qc7 6. a3 Nf6 7. Nc3 b6 8. Be3 Bb7 9. f3 d6 10. Be2 Nbd7 11. O-O Be7 12. Rc1 O-O 13. b4 Rac8 14. Qd2 Ne5 15. Na4 Ned7 16. Nb2 Qb8 17. Rc2 d5 18. cxd5 exd5 19. exd5 Nxd5 20. Bf2 Rxc2 21. Nxc2 N7f6 22. Ne3 Rd8 23. Nxd5 Bxd5 24. Qe3 Bd6 25. Qxb6 Bxh2+ 26. Kh1 Be5 27. Qxb8 Rxb8 28. Nd3 Bd6 29. Nc5 a5 30. Bd4 axb4 31. Bxf6 Bxc5 32. axb4 Rxb4 33. Rc1 gxf6 34. Rxc5 Be6 35. Bd3 Rd4 36. Be4 Kg7 37. Rh5 h6 38. Kh2 Rd2 39. Kg3 Bc4 40. Rc5 Bf1 41. f4 Re2 42. Bf3 Re7 43. Rc1 Bd3 44. Rc3 Bg6 45. Rc5 f5 46. Kf2 h5 47. Rb5 Ra7 48. Rb7 Ra2+ 49. Kg3 Rd2 50. Bd5 Rxd5 0-1

[Event "1st FIDE OWCCCC Pools-East 2021"]
[Site "Online"]
[Date "2021.02.20"]
[Round "4.38"]
[White "Firsov, Stepan"]
[Black "Malik, Anjali"]
[Result "1-0"]
[WhiteElo "1842"]
[BlackElo "1331"]
[Annotator "NA"]
[PlyCount "63"]
[EventDate "2021.02.19"]
[EventType "team-tourn"]
[EventCountry "NET"]
[SourceTitle "playchess.com"]
[Source "ChessBase"]
[SourceQuality "1"]

1. e4 c6 2. d4 d5 3. Nc3 dxe4 4. Nxe4 Bf5 5. Ng3 Bg6 6. c3 e6 7. h4 h5 8. Be2 Nf6 9. Bg5 Be7 10. Nf3 Nbd7 11. Bd3 Rc8 12. Bxg6 fxg6 13. Qb3 Nd5 14. Qxb7 Bxg5 15. Nxg5 Qc7 16. Qxc7 Nxc7 17. O-O-O O-O 18. f3 Nf6 19. Rhe1 Rfe8 20. N3e4 Nxe4 21. Rxe4 Rcd8 22. Rde1 Rd6 23. Kc2 a5 24. a4 Re7 25. Re5 Kf8 26. Rxa5 Ke8 27. Ne4 Rd8 28. Rg5 Kf7 29. Rc5 Nd5 30. Ng5+ Kf6 31. Rxc6 Nf4 32. g3 1-0

[Event "1st FIDE OWCCCC Pools-East 2021"]
[Site "Online"]
[Date "2021.02.20"]
[Round "4.39"]
[White "Lalit, Karmarkar"]
[Black "Veedu, Vimesh"]
[Result "1-0"]
[WhiteElo "1838"]
[BlackElo "1300"]
[Annotator "NA"]
[PlyCount "45"]
[EventDate "2021.02.19"]
[EventType "team-tourn"]
[EventCountry "NET"]
[SourceTitle "playchess.com"]
[Source "ChessBase"]
[SourceQuality "1"]

1. e4 e5 2. Nf3 Qf6 3. Nc3 c6 4. d4 exd4 5. e5 Qf5 6. Qxd4 c5 7. Qc4 Nc6 8. Bd3 Qe6 9. Nd5 Kd8 10. O-O Nge7 11. Bg5 Nxe5 12. Nxe5 Qxe5 13. Bxe7+ Bxe7 14. Rfe1 Qd4 15. Rxe7 Qxc4 16. Bxc4 d6 17. Rxf7 g6 18. Re1 Bf5 19. Ree7 a6 20. Bd3 Ra7 21. Bxf5 gxf5 22. Rd7+ Ke8 23. Nf6# 1-0

[Event "1st FIDE OWCCCC Pools-East 2021"]
[Site "Online"]
[Date "2021.02.20"]
[Round "4.39"]
[White "Muratorio, Fabio"]
[Black "Huijsdens, Leon"]
[Result "0-1"]
[WhiteElo "1270"]
[BlackElo "1170"]
[Annotator "NA"]
[PlyCount "94"]
[EventDate "2021.02.19"]
[EventType "team-tourn"]
[EventCountry "NET"]
[SourceTitle "playchess.com"]
[Source "ChessBase"]
[SourceQuality "1"]

1. e4 c5 2. Nf3 d6 3. d4 cxd4 4. Nxd4 Nf6 5. Nc3 a6 6. Be3 e5 7. Nf3 Be7 8. Bd3 Nbd7 9. h3 Qc7 10. O-O b5 11. a3 Bb7 12. Re1 Nb6 13. Qe2 O-O 14. Bg5 h6 15. Bh4 Rac8 16. Nh2 Nc4 17. b3 Nb6 18. Nb1 Nbd7 19. b4 Nb6 20. Nd2 Nh7 21. Qg4 Bxh4 22. Qxh4 Qd8 23. Qg3 Qg5 24. Ng4 Qxd2 25. Re3 Nc4 26. Rf3 Kh8 27. Qh4 Qg5 28. Qg3 h5 29. Rf5 Qg6 30. Nh2 Qxg3 31. fxg3 g6 32. Rf2 Ng5 33. Re1 Nxa3 34. Nf3 Nxf3+ 35. gxf3 Kg7 36. f4 f6 37. Ree2 Nc4 38. f5 g5 39. g4 h4 40. Rg2 Rc7 41. Rgf2 Rfc8 42. Rg2 Nb6 43. Rgf2 d5 44. Rh2 dxe4 45. Bxe4 Bxe4 46. Rxe4 Rxc2 47. Rxe5 fxe5 0-1

[Event "1st FIDE OWCCCC Pools-East 2021"]
[Site "Online"]
[Date "2021.02.20"]
[Round "4.39"]
[White "Sushant Sharma"]
[Black "Kiriakhno, Sergii"]
[Result "0-1"]
[WhiteElo "1089"]
[BlackElo "1558"]
[Annotator "NA"]
[PlyCount "50"]
[EventDate "2021.02.19"]
[EventType "team-tourn"]
[EventCountry "NET"]
[SourceTitle "playchess.com"]
[Source "ChessBase"]
[SourceQuality "1"]

1. d4 Nf6 2. c4 e6 3. Nc3 Bb4 4. Nf3 c5 5. a3 Bxc3+ 6. bxc3 d6 7. Qc2 Nc6 8. e3 O-O 9. Bd3 Re8 10. O-O e5 11. d5 Na5 12. Ng5 h6 13. Ne4 Nxe4 14. Bxe4 Nxc4 15. a4 Nb6 16. c4 Nd7 17. f4 Nf6 18. fxe5 Rxe5 19. Bd3 Ng4 20. Rf3 Qe7 21. e4 Rh5 22. Be2 Qe5 23. Rg3 Qd4+ 24. Be3 Nxe3 25. Qb1 Ng4+ 0-1

[Event "1st FIDE OWCCCC Pools-East 2021"]
[Site "Online"]
[Date "2021.02.20"]
[Round "4.40"]
[White "Hartog, Eduard"]
[Black "Maglio, Fabio"]
[Result "0-1"]
[WhiteElo "1432"]
[BlackElo "1609"]
[Annotator "NA"]
[PlyCount "92"]
[EventDate "2021.02.19"]
[EventType "team-tourn"]
[EventCountry "NET"]
[SourceTitle "playchess.com"]
[Source "ChessBase"]
[SourceQuality "1"]

1. e4 e5 2. Nf3 Nc6 3. d4 exd4 4. Nxd4 Nxd4 5. Qxd4 Nf6 6. Nc3 d6 7. Bg5 Be7 8. Be2 O-O 9. O-O h6 10. Bh4 Ng4 11. Bxe7 Qxe7 12. Bxg4 Bxg4 13. f3 Bd7 14. Nd5 Qd8 15. Rfe1 c6 16. Nf4 Be6 17. Nh5 Qg5 18. Ng3 d5 19. Rad1 Rfd8 20. e5 Re8 21. f4 Qg4 22. Rf1 a6 23. f5 Qxd4+ 24. Rxd4 Bd7 25. Re1 g6 26. f6 Re6 27. c4 Rae8 28. cxd5 Rxe5 29. Rxe5 Rxe5 30. dxc6 Bxc6 31. Rd8+ Kh7 32. Rf8 Bd5 33. Rc8 Re6 34. Rc5 Bxa2 35. Rc7 Rxf6 36. Rxb7 Bc4 37. Rc7 Bb5 38. Rc1 h5 39. Ne4 Rc6 40. Rxc6 Bxc6 41. Nf6+ Kg7 42. Nxh5+ gxh5 43. h4 Kg6 44. g3 Kf5 45. Kf2 Kg4 46. b3 f6 0-1

[Event "1st FIDE OWCCCC Pools-East 2021"]
[Site "Online"]
[Date "2021.02.20"]
[Round "4.40"]
[White "Sikorska, Nataliia"]
[Black "Abhinav Bansal"]
[Result "0-1"]
[WhiteElo "1400"]
[BlackElo "1464"]
[Annotator "NA"]
[PlyCount "46"]
[EventDate "2021.02.19"]
[EventType "team-tourn"]
[EventCountry "NET"]
[SourceTitle "playchess.com"]
[Source "ChessBase"]
[SourceQuality "1"]

1. c4 e6 2. Nc3 d5 3. cxd5 exd5 4. g3 f5 5. Bg2 Nf6 6. b3 c6 7. Bb2 Bd6 8. Nf3 O-O 9. O-O Ne4 10. Rc1 Be6 11. d3 Nxc3 12. Bxc3 Nd7 13. Nd4 Qe7 14. Qd2 f4 15. Nxe6 Qxe6 16. Bb2 Rf7 17. Rce1 Raf8 18. a3 fxg3 19. fxg3 Bc5+ 20. Kh1 Qe3 21. Qc2 Rxf1+ 22. Rxf1 Rxf1+ 23. Bxf1 Qg1# 0-1